Loreto College Library, Kolkata
WEBOPAC (ONLINE PUBLIC ACCESS CATALOGUE)

The Oxford companion to classical literature (Record no. 41888)

MARC details
000 -LEADER
fixed length control field 00633nam a22002297a 4500
005 - DATE AND TIME OF LATEST TRANSACTION
control field 20181221135113.0
008 - FIXED-LENGTH DATA ELEMENTS--GENERAL INFORMATION
fixed length control field 181221b xxu||||| |||| 00| 0 eng d
020 ## - ISBN | অাই এস বি এন
ISBN | অাই এস বি এন 9780199658459
PRICE Rs 795
040 ## - CATALOGING SOURCE
Language of cataloging eng
041 ## - LANGUAGE CODE
Language code English
082 ## - DDC | ডিউই
Classification number | বর্গসংখ্যা 880.03
Book Number | গ্রন্থাঙ্ক HOW
245 ## - TITLE STATEMENT | অাখ্যা বিবরণী
Title | অাখ্যা The Oxford companion to classical literature
Statement of responsibility | লেখকের দায়িত্বের বিবরণ Edited by M C Howatson
250 ## - EDITION STATEMENT | সংস্করণ ক্ষেত্র
Edition statement | সংস্করণ 3rd ed
260 ## - IMPRINT | প্রকাশনা ক্ষেত্র
Place of publication | প্রকাশ স্থান New Delhi
Name of publisher | প্রকাশকের নাম Oxford University Press
Date of publication | প্রকাশ কাল 2011
300 ## - PHYSICAL DESCRIPTION |
Page / Vol. No | পৃষ্ঠা / খন্ড সংখ্যা 613p
Other physical details | অনান্য বাহ্যিক বিবরণ 25 cm; maps
500 ## - GENERAL NOTE | সাধারণ টীকা
General note | সাধারণ টীকা First edition 1937
650 ## - SUBJECT ADDED ENTRY--TOPICAL TERM | বিষয় শিরোনাম - মূল বিষয়
Topical term | মূল বিষয় Classical literature
650 ## - SUBJECT ADDED ENTRY--TOPICAL TERM | বিষয় শিরোনাম - মূল বিষয়
Topical term | মূল বিষয় Classical dictionary
700 ## - ADDED ENTRY--PERSONAL NAME | অতিরিক্ত সংলেখ - ব্
Relator code | দায়িত্ব নির্দেশক ed.
Personal name | ব্যাক্তিনাম Howatson, M. C.
850 ## - HOLDING INSTITUTION
Holding institution LCLIB
942 ## - ADDED ENTRY ELEMENTS (KOHA)
Koha item type Books
Holdings
Withdrawn status Lost status Source of classification Damaged status Not for loan Home library Current library Date acquired Price Total Checkouts Full call number Accession No. Date last seen Date checked out Price effective from Koha item type
    Dewey Decimal Classification     Loreto College Loreto College 21/12/2018 795.00 1 880.03 HOW 52821 45824 02/04/2025 26/03/2025 21/12/2018 Books